Atlantic families : lives and letters in the later eighteenth century

Αποθηκεύτηκε σε:
Λεπτομέρειες βιβλιογραφικής εγγραφής
Κύριος συγγραφέας: Pearsall, Sarah M. S. 1934-
Μορφή: Βιβλίο
Γλώσσα:English
Δημοσίευση: Oxford : Oxford University Press, 2008
Θέματα:
Ετικέτες: Προσθήκη ετικέτας
Δεν υπάρχουν, Καταχωρήστε ετικέτα πρώτοι!

MARC

LEADER 00000nam a2200000 i 4500
001 1/50962
008 140704r20102008 eng d
020 |a 978-0-19-960044-1 
035 |l 10118250 
040 |a GR-MY-UA  |b gre  |e aacr 
041 0 |a eng 
082 0 |a 306.85089  |2 (23) 
100 1 |a Pearsall, Sarah M. S.  |d 1934- 
245 1 0 |a Atlantic families :  |b lives and letters in the later eighteenth century /  |c Sarah M. S. Pearsall 
260 |a Oxford :   |b Oxford University Press,   |c 2008 
300 |a xiii, 294 σ.;  |c 24 εκ. 
504 |a Περιλαμβάνει σημειώσεις και ευρετήριο 
650 0 0 |a Families  |z Great Britain  |x History. 
650 0 0 |a Families  |z United States  |x History. 
650 0 0 |a English letters  |x History and criticism. 
650 0 0 |a American letters  |x History and criticism. 
650 0 0 |a Letter writing  |x History  |y 18th century. 
852 |a INST  |b LESVOS  |e 20140704  |h 306.85089 PEA  |p 005100054557  |q 005100054557  |t BK  |y 0 
901 |a BIBL1-2014-2 
909 |a Λ  |b 189500 
922 |a 1ΕΛΗ  |b 201406  |c ΤΚΑΙ  |d ΔΙΑΔΡΟΜΕΣ 
970 |a ΤΖΑΦΕΡΗ  |b ΕΥΑΓΓΕΛΙΑ  |z 2014/07/05